=LDR 00000nam 2200000 4500 =001 INLIS00000000000062 =005 20260702043538 =020 ##$$a 978-602-6724-47-2 =082 ##$$a 425.000 =100 1#$$a Wise, Mr. =245 1 $$a Menguasai 16 Tenses Itu Mudah & Gampang /$c Mr. Wise =300 ##$$a 120 ; 13 x 19 cm